History Quiz

Random History or Clickable Quiz

Republican National Conventions Quiz Stats

 Plays Quiz Updated Feb 25, 2020

Support Sporcle.
Go Orange.
Score 0/18 Timer 04:00
0 Plays Today
% Correct
Dallas
78.2%
Houston
77.3%
Chicago
75.1%
New York
74.4%
Philadelphia
73.2%
Tampa
72.3%
Detroit
64.9%
Kansas City
63.3%
St. Louis
63.2%
% Correct
Cleveland
62.7%
Minneapolis
61.5%
Baltimore
61.2%
New Orleans
59.3%
Cincinnati
52.2%
San Diego
50.6%
Miami Beach
47.1%
San Francisco
46.9%
St. Paul
38.3%

From the Vault

Big 4 Teams Mix

by Scimitar_2002

Sports 6m
Just kinda put them all into a blender and make a new sport.
Remove Ads.
Support Sporcle.
Get the best of Sporcle when you Go Orange. This ad-free experience offers more features, more stats, and more fun while also helping to support Sporcle. Thank you for becoming a member.

Show Comments

Extras

Top Quizzes Today


Score Distribution

Your Account Isn't Verified!

In order to create a playlist on Sporcle, you need to verify the email address you used during registration. Go to your Sporcle Settings to finish the process.

Report this User

Report this user for behavior that violates our Community Guidelines.

Details: